| 000 | 00822nam a22001815i 4500 | ||
|---|---|---|---|
| 001 | 152773 | ||
| 003 | ES-MaACL | ||
| 005 | 20250822063211.0 | ||
| 008 | 000117s1832 fr |||| | fre d | ||
| 040 |
_aM-RACE _bspa _cM-RACE _dCCPB | B |
||
| 100 | 1 |
_aBroussais, François-Joseph-Victor, _d1772-1838 _9126195 |
|
| 245 | 1 | 0 |
_aMémoire sur l'influence que les travaux des médecins physiologistes ont exercée sur l'état de la médecine en France _b: lu, le 30 Juillet 1832, a l'Academie des Sciences de Paris / _cpar Broussais. |
| 260 |
_aParis : _bchez Melle Delaunay, Libraire, _c1832. |
||
| 300 |
_a23 p. ; _c21 cm. |
||
| 650 | 4 |
_aFisiología- _xInvestigación- _zFrancia. _9136123 |
|
| 852 |
_aES-MaACL _jR-1360(6) _z-- Enc. hol. _z-- Ex-libris de Mateo Seoane _x-- Olim: G-15438 |
||
| 999 |
_c152773 _d152773 |
||